[Event "Wch U12 blitz"]
[Site "Rhodes"]
[Date "2022.05.03"]
[Round "7"]
[White "Patel, Zain"]
[Black "Celik, Ali Alper"]
[Result "1-0"]
[WhiteElo "1746"]
[BlackElo "1213"]
[PlyCount "51"]
[EventDate "2022.05.03"]
[EventType "swiss (blitz)"]
[EventRounds "9"]
[EventCountry "GRE"]
[SourceTitle "CBM 208 Extra"]
[Source "ChessBase"]
[SourceDate "2022.07.31"]
[SourceVersion "1"]
[SourceVersionDate "2022.07.31"]
[SourceQuality "1"]

1. d4 Nf6 2. Nf3 g6 3. c4 Bg7 4. Nc3 d5 5. cxd5 Nxd5 6. e4 Nxc3 7. bxc3 c5 8. h3 Nc6 9. Be3 0-0 10. Be2 Qc7 11. 0-0 Rd8 12. Rc1 b6 13. Qb3 Na5 14. Qb1 Bb7 15. Rfd1 Rac8 16. d5 Qd7 17. Ng5 h6 18. Bg4 f5 19. exf5 gxf5 20. Bxf5 Qc7 21. Bh7+ Kf8 22. Qf5+ Bf6 23. Ne6+ Ke8 24. Bg6+ Kd7 25. Nxc5+ Kd6 26. Qe6# 1-0